000 00439nam a2200121 4500
999 _c11069
_d11069
008 181010b ||||| |||| 00| 0 eng d
082 _aDPer 959.9048 P53p May 2013- April 2014 v. 22-23
245 _aPNoy's counter:
_b"I am not a thief".
260 _aSan Miguel, Manila :
_bOP-Bureau of Communications Services,
_c©May 2013-©Apr 2014.
300 _av22 n5, pages 1-6;
_c23cm.
650 _aPolitical corruption.
_936681
942 _2ddc
_cPER